| 000 | 003370000a22001450004500 | ||
|---|---|---|---|
| 003 | MACL | ||
| 040 | _aMACL | ||
| 090 |
_c33171 _d33169 |
||
| 100 | _aChopra, Dr Ravi | ||
| 245 |
_aReasoning N Reasoning _bVerbal and Non Verbal |
||
| 260 |
_bGalgotia Publications P Ltd _c2000 |
||
| 350 | _a150 | ||
| 650 | _aLogic | ||
| 942 |
_cBOOK _k160/CHO |
||
| 999 |
_c32823 _d32823 |
||